| 000 | 00551nam a2200169 i 4500 | ||
|---|---|---|---|
| 001 | 62624 | ||
| 003 | ES-MaACL | ||
| 005 | 20230906164713.0 | ||
| 007 | t| | ||
| 008 | 031124s1967 sp ||||1| spa d | ||
| 100 | 1 |
_aFernández Carrera, José. _949554 |
|
| 245 | 1 | 3 |
_aEl Derecho en la propiedad inmobiliaria / _cpor Jose Fernández Carrera y Juan Luis Pacheco Perez. |
| 260 |
_aSantander : _b[s.n., _c1967] ( _fArt. Gráf. Resma) |
||
| 300 |
_a909 p. ; _c22 cm. |
||
| 700 | 1 |
_aPacheco Pérez, Juan Luis. _988139 |
|
| 852 |
_aES-MaACL _jC-33036 _bR.63359 |
||
| 999 |
_c62624 _d62624 |
||